000 00515nam a2200217Ia 4500
003 OSt
005 20220924134607.0
006 a|||||r|||| 00| 0
007 ta
008 220923b |||||||| |||| 00| 0 san d
024 _a280738
037 _cTextual
040 _aARTS
_cARTS
_bsan
041 _2san
_asan
082 _aB9, L4
100 _aSankaranarayana
_9208785
245 0 _aLaghubhaskariya
260 _c1974
942 _hB9, L4
_cTEXL
_2CC
999 _c437946
_d437946